| 000 | 01485nam a2200469 a 4500 | ||
|---|---|---|---|
| 001 | 000011466 | ||
| 003 | DO-SdBPM | ||
| 005 | 20250729103028.0 | ||
| 007 | ta | ||
| 008 | 091019s2012 mx a 000 d spa d | ||
| 020 | _a9786078092376 | ||
| 040 |
_aDO-SdBNP _bspa _cBPMSU _erda |
||
| 082 | 4 |
_a808.82 _bD763d 2012 _222 |
|
| 100 | _a | ||
| 245 | 1 | 0 |
_aLa dramaturgia en Iberoamerica : _bantología / _cBeatriz Catani, Óscar Cornago, Elisa Lucas... [y otros]. |
| 260 |
_a _c |
||
| 264 |
_aMéxico, D. F. : _bAgencia Española de Cooperación Internacinal para el Desarrollo : _bIberescena, _c2012 |
||
| 300 |
_a435 páginas ; _c23 cm. _b |
||
| 336 |
_atexto _btxt _2rdacontent |
||
| 337 |
_asin mediación _bn _2rdamedia |
||
| 338 |
_avolumen _bnc _2rdacarrier |
||
| 490 | 0 |
_aDramaturgia _v |
|
| 500 | _a | ||
| 590 | _aInventariado, 2025/VM | ||
| 650 | 7 |
_aTeatro _xColecciones |
|
| 650 | 7 |
_aTeatro _xHistoria y crítica |
|
| 700 | 1 | _aCornago, Oscar. | |
| 700 | 1 | _aCatani, Beatriz. | |
| 700 | 1 | _aLucas, Elisa. | |
| 700 | 1 | _a Carrera, ximena. | |
| 700 | 1 | _aRubiano, Fabio. | |
| 700 | 1 | _aÁvila, Roxana. | |
| 700 | 1 | _a Morera, Ailyn. | |
| 700 | 1 | _aMoreno Montenegro, Juan Francisco. | |
| 700 | 1 | _aMora, José Manuel. | |
| 700 | 1 |
_aHiriart, Berta, _d1950- |
|
| 700 | 1 | _aKirchhausen, Maritza. | |
| 700 | 1 | _aOvalle, Elizabeth. | |
| 700 | 1 |
_aPeveroni, Gabriel, _d1969- |
|
| 910 | _aVMateo V. Control de calidad BPMSU | ||
| 942 |
_2ddc _cBK |
||
| 999 |
_c15284 _d15284 |
||